1833 1612 1878 1227 1123 1895 1112 1566 1124 1199 1350 1530 1240 1699 1337 1643 1601 1933 1789 1631 1788 1644 1480 1009 1977 1254 1751 1297 1387 1179 1679 1894 1077 1758 1988 1778 1914 1674 1630 1999 1892 1933 1036 1634 1225 1147 1635 1182 1869 1578 1328 1630 1777 1636 1987 1012 1886 1520 1173 1345 1967 1302 1534 1314 1425 1257 1248 1995 1190 1431 1264 1053 1388 1071 1728 1961 1909 1297 1748 1845 1504 1926 1990 1777 1551 1356 1651 1965 1984 1602 1453 1407 1826 1805 1316 1746 1753 1573 1592 BCNSPRNW ULIB Ver.6.0+V

เปลี่ยนเป็นภาษาไทย

Change to English
 แสดงรายละเอียดบรรณานุกรม
  กลับหน้าหลัก

Brief Record : Get Marc (ISO 2709) : E-mail record : QR code < ปิดหน้าต่าง
LEADER : 00000nam 2200000uu 4500
001    13399113417
003     ULIB
008    110627s2552||||th 000 0 tha d
020    9786115350049
090    นว.^bล455พ 2552
100 0  ลิลลี่พิงค์
245 00 พลิกรักสลับขั้วหัวใจของยังซินดี้กับนายแบดบอย/^cลิลลี่พิงค์
250    พิมพ์ครั้งที่ 1
260    กรุงเทพฯ :^bSugar rian,^c2552
300    169 หน้า
710 1  Sugar rian
945    ^p139^l0^i026031
995    ทศพร
999 ^a ใช้งานได้ทุกระบบ
รายการนี้ยังไม่มีแท็ก
คุณยังไม่ได้ล็อกอิน คุณสามารถมีกิจกรรมร่วมกับเว็บไซต์ได้ แต่ต้องล็อกอินก่อน ::
  ล็อกอิน

รายการสื่อสารสนเทศ

ลำดับที่ ประเภท เลขเรียก/บาร์โค้ด สถานที่ สถานะ
1. นวนิยาย
นวนิยาย
นว. ล455พ 2552 ฉ.1 
  Barcode: 026031
ห้องสมุดวิทยาเขตสวรรค์ประชารักษ์
►นวนิยาย
บนชั้น
  ขอยืม

BibComment


ยังไม่เคยถูกคอมเมนท์

คอมเมนท์ทรัพยากรรายการนี้
  คอมเมนท์: พลิกรักสลับขั้วหั..


 Copyright 2026. Bcnsprnw @Library